Air pollution: (Record no. 164501)

MARC details
000 -LEADER
fixed length control field 00871nam a2200265 a 4500
008 - FIXED-LENGTH DATA ELEMENTS--GENERAL INFORMATION
fixed length control field
049 ## - LOCAL HOLDINGS (OCLC)
Holding library MAIN
090 ## - LOCALLY ASSIGNED LC-TYPE CALL NUMBER (OCLC); LOCAL CALL NUMBER (RLIN)
Classification number (OCLC) (R) ; Classification number, CALL (RLIN) (NR) HC79.A4
003 - CONTROL NUMBER IDENTIFIER
control field
005 - DATE AND TIME OF LATEST TRANSACTION
control field 20230123134345.0
040 ## - CATALOGING SOURCE
Transcribing agency NUST
100 1# - MAIN ENTRY--PERSONAL NAME
Personal name Ellison, Vivian.
245 10 - TITLE STATEMENT
Title Air pollution:
Remainder of title the world's exhaust.
260 ## - PUBLICATION, DISTRIBUTION, ETC.
Place of publication, distribution, etc. West Haven, Conn. :
Name of publisher, distributor, etc. Pendulum Press,
Date of publication, distribution, etc. 1971.
300 ## - PHYSICAL DESCRIPTION
Extent 62 p. :
Other physical details ill. ;
Dimensions 21 cm.
440 ## - SERIES STATEMENT/ADDED ENTRY--TITLE
Title Ecology series.
500 ## - GENERAL NOTE
General note Prepared under the auspices of Total Education in the Total Environment.
500 ## - GENERAL NOTE
General note Published under the author's maiden name: Vivian Sorvall.
650 #0 - SUBJECT ADDED ENTRY--TOPICAL TERM
Topical term or geographic name entry element Air
General subdivision Pollution.
650 #0 - SUBJECT ADDED ENTRY--TOPICAL TERM
Topical term or geographic name entry element Air
General subdivision Pollution
Geographic subdivision United States.
710 2# - ADDED ENTRY--CORPORATE NAME
Corporate name or jurisdiction name as entry element Total Education in the Total Environment (Organization).
740 0# - ADDED ENTRY--UNCONTROLLED RELATED/ANALYTICAL TITLE
Uncontrolled related/analytical title World's exhaust.
907 ## - LOCAL DATA ELEMENT G, LDG (RLIN)
a .b1001911x
b 31-01-07
c 17-04-03
942 ## - ADDED ENTRY ELEMENTS (KOHA)
Koha item type Ordinary Loan Books
Call number prefix HC79.A4

No items available.